[Event "Titled Tuesday intern op 23rd Jan Late"]
[Site "Chess.com INT"]
[Date "2024.01.23"]
[Round "7"]
[White "Grinev, Valeriy"]
[Black "Syaputra, Arifa Rizki"]
[Result "1/2-1/2"]
[WhiteElo "2422"]
[BlackElo "2247"]
[PlyCount "134"]
[EventDate "2024.01.23"]
[EventType "swiss (blitz)"]
[EventRounds "11"]
[EventCountry "USA"]
[SourceTitle "CBM 218 Extra"]
[Source "ChessBase"]
[SourceDate "2024.03.31"]
[SourceVersion "1"]
[SourceVersionDate "2024.03.31"]
[SourceQuality "1"]

1. e4 e5 2. Nf3 Nc6 3. Bb5 Nf6 4. 0-0 Be7 5. Re1 d6 6. c3 a6 7. Bf1 0-0 8. h3 d5 9. exd5 Qxd5 10. d3 h6 11. Nbd2 Bc5 12. Ne4 Nxe4 13. dxe4 Qxd1 14. Rxd1 Be6 15. Be3 Bxe3 16. fxe3 Rfd8 17. Kf2 Rxd1 18. Rxd1 Bxa2 19. c4 Kf8 20. Nd2 Rd8 21. Ke1 Nb4 22. Be2 Ke7 23. Rc1 c5 24. Rc3 b6 25. Kd1 Kd6 26. b3 Kc6 27. Kc1 a5 28. Nf3 f6 29. Nh4 Ra8 30. Nf5 Ra7 31. Bh5 a4 32. Be8+ Kc7 33. Bxa4 Kd8 34. Kb2 h5 35. Rc2 g6 36. Rd2+ Kc8 37. Nd6+ Kb8 38. Nb5 Rxa4 39. bxa4 Bxc4 40. Rd6 Bf1 41. Rxb6+ Kc8 42. Rxf6 Bxg2 43. h4 Kd8 44. Rxg6 Bxe4 45. Rg5 Bf3 46. Kc3 Nc6 47. a5 Nxa5 48. Rxe5 Nb7 49. e4 Bg4 50. Rd5+ Ke7 51. Kd3 c4+ 52. Kd4 Na5 53. Re5+ Kf6 54. Rc5 Nb3+ 55. Kxc4 Nxc5 56. Kxc5 Ke5 57. Nc3 Kf4 58. Kd4 Kg3 59. Ke3 Kxh4 60. Kf4 Kh3 61. e5 Kg2 62. Ne4 Be6 63. Nc5 Bd5 64. Kg5 Kg3 65. Kxh5 Kf4 66. Nd3+ Ke4 67. e6 Bxe6 1/2-1/2

[Event "Titled Tuesday intern op 23rd Jan Late"]
[Site "Chess.com INT"]
[Date "2024.01.23"]
[Round "1"]
[White "Syaputra, Arifa Rizki"]
[Black "Polok, Kacper"]
[Result "1-0"]
[WhiteElo "2247"]
[BlackElo "2247"]
[PlyCount "53"]
[EventDate "2024.01.23"]
[EventType "swiss (blitz)"]
[EventRounds "11"]
[EventCountry "USA"]
[SourceTitle "CBM 218 Extra"]
[Source "ChessBase"]
[SourceDate "2024.03.31"]
[SourceVersion "1"]
[SourceVersionDate "2024.03.31"]
[SourceQuality "1"]

1. Nf3 e6 2. d4 f5 3. c4 Nf6 4. Nc3 Bb4 5. Qc2 0-0 6. g3 b6 7. Bg2 Bb7 8. 0-0 Bxc3 9. Qxc3 Qe7 10. a4 a5 11. b3 Na6 12. Rd1 d6 13. Ba3 Rfd8 14. Rac1 c5 15. Bb2 Rac8 16. d5 e5 17. Nh4 g6 18. f4 Re8 19. fxe5 Qxe5 20. Qxe5 dxe5 21. Nf3 Nd7 22. e4 fxe4 23. Ng5 Nc7 24. Nxe4 Rf8 25. Nd6 Rb8 26. Nxb7 Rxb7 27. d6 1-0

[Event "Titled Tuesday intern op 16th Jan Late"]
[Site "Chess.com INT"]
[Date "2024.01.16"]
[Round "3"]
[White "Syaputra, Arifa Rizki"]
[Black "Toktomushev, Teimur"]
[Result "1/2-1/2"]
[WhiteElo "2247"]
[BlackElo "2249"]
[PlyCount "112"]
[EventDate "2024.01.16"]
[EventType "swiss (blitz)"]
[EventRounds "11"]
[EventCountry "USA"]
[SourceTitle "CBM 218 Extra"]
[Source "ChessBase"]
[SourceDate "2024.03.31"]
[SourceVersion "1"]
[SourceVersionDate "2024.03.31"]
[SourceQuality "1"]

1. e4 c5 2. Nf3 e6 3. c3 d5 4. e5 d4 5. g3 Bd7 6. Bg2 Bc6 7. 0-0 Ne7 8. Na3 Ng6 9. Re1 Nd7 10. Nc4 Qc7 11. Qe2 b5 12. Na3 Qb7 13. d3 Ndxe5 14. Nxe5 Bxg2 15. Nxf7 Qxf7 16. Kxg2 b4 17. cxb4 cxb4 18. Nc4 Be7 19. Qxe6 Qxe6 20. Rxe6 Kf7 21. Re4 Rhd8 22. Bd2 a5 23. Rae1 Bf6 24. h4 h5 25. a4 bxa3 26. bxa3 a4 27. Bb4 Kg8 28. Re6 Nf8 29. Rc6 Nd7 30. Re4 Rdc8 31. Rd6 Nc5 32. Bxc5 Rxc5 33. Rd7 Rb5 34. Kf1 Rb3 35. Ke2 Rab8 36. Ra7 Rc3 37. Rxa4 Rbb3 38. Ra8+ Kh7 39. Ree8 Rxd3 40. Nd2 Rxa3 41. Rxa3 Rxa3 42. Ne4 Ra2+ 43. Kf3 Ra6 44. Kf4 Kg6 45. Rc8 d3 46. Ke3 Ra3 47. Nd2 Kf7 48. Rc6 g5 49. hxg5 Bxg5+ 50. f4 Be7 51. Rh6 h4 52. gxh4 Bc5+ 53. Ke4 Bb4 54. Ke3 Bc5+ 55. Kf3 Bb4 56. Ke3 Bc5+ 1/2-1/2

[Event "Titled Tuesday intern op 09th Jan Late"]
[Site "Chess.com INT"]
[Date "2024.01.09"]
[Round "4"]
[White "Dubnevych, Maksym"]
[Black "Syaputra, Arifa Rizki"]
[Result "1-0"]
[WhiteElo "2340"]
[BlackElo "2247"]
[PlyCount "89"]
[EventDate "2024.01.09"]
[EventType "swiss (blitz)"]
[EventRounds "11"]
[EventCountry "USA"]
[SourceTitle "EXT 2025"]
[Source "ChessBase"]
[SourceDate "2024.10.14"]
[SourceVersion "1"]
[SourceVersionDate "2024.10.14"]
[SourceQuality "1"]

1. d4 d5 2. c4 e6 3. Nf3 Nf6 4. Nc3 a6 5. c5 b6 6. cxb6 cxb6 7. Bf4 Bd6 8. e3 0-0 9. Bd3 Bb7 10. 0-0 Nc6 11. Rc1 Rc8 12. Bb1 b5 13. Qe2 Re8 14. Rfd1 h6 15. Bxd6 Qxd6 16. e4 dxe4 17. Nxe4 Qe7 18. Nc5 Nxd4 19. Nxd4 Rxc5 20. Nf5 Rxf5 21. Bxf5 exf5 22. Qxe7 Rxe7 23. f3 g6 24. Kf2 Kg7 25. b3 g5 26. Rc5 f4 27. Rd6 Nh7 28. h4 f6 29. h5 Nf8 30. Rc2 Kf7 31. a4 bxa4 32. bxa4 Ne6 33. Rb2 Bc8 34. Rc2 Bd7 35. Rxa6 Nd4 36. Rd2 Nf5 37. Ra7 Be6 38. Rxe7+ Kxe7 39. a5 Bc4 40. Rb2 Nd6 41. Rb6 Kd7 42. Rb8 Kc7 43. Rh8 Nf5 44. Rf8 Ne7 45. Rxf6 1-0

[Event "Titled Tuesday intern op 02nd Jan Early"]
[Site "Chess.com INT"]
[Date "2024.01.02"]
[Round "6"]
[White "Ginzburg, Yakov"]
[Black "Syaputra, Arifa Rizki"]
[Result "1/2-1/2"]
[WhiteElo "2405"]
[BlackElo "2247"]
[PlyCount "136"]
[EventDate "2024.01.02"]
[EventType "swiss (blitz)"]
[EventRounds "11"]
[EventCountry "USA"]
[SourceTitle "EXT 2025"]
[Source "ChessBase"]
[SourceDate "2024.10.14"]
[SourceVersion "1"]
[SourceVersionDate "2024.10.14"]
[SourceQuality "1"]

1. d4 Nf6 2. Nf3 d5 3. c4 e6 4. g3 dxc4 5. Bg2 Nc6 6. 0-0 Bd6 7. Na3 Bxa3 8. bxa3 0-0 9. a4 a6 10. Ba3 Re8 11. Rc1 Bd7 12. Rxc4 Rb8 13. Qd2 b5 14. Rcc1 b4 15. Bb2 Ne7 16. Qc2 Bc6 17. Rfd1 Rb7 18. a5 Bd5 19. Ne5 Bxg2 20. Kxg2 Qd5+ 21. f3 Qxa2 22. e4 Qxa5 23. Nc6 Nxc6 24. Qxc6 Qb5 25. Qxb5 Rxb5 26. Rxc7 Ra8 27. d5 exd5 28. Bxf6 gxf6 29. exd5 b3 30. d6 b2 31. d7 Rbb8 32. Rb1 Kg7 33. Rxb2 Rxb2+ 34. Kh3 Rd2 35. Rc8 Rxd7 36. Rxa8 Rd6 37. Kg4 Rb6 38. f4 Rc6 39. h4 h6 40. f5 Rc4+ 41. Kh5 Ra4 42. g4 a5 43. g5 hxg5 44. hxg5 fxg5 45. Kxg5 f6+ 46. Kh5 Kf7 47. Ra7+ Ke8 48. Kg6 Rg4+ 49. Kxf6 a4 50. Ke5 Kf8 51. Ke6 Re4+ 52. Kf6 Ke8 53. Ra8+ Kd7 54. Kf7 Kc6 55. f6 Kb5 56. Kg6 Rg4+ 57. Kf5 Rg1 58. f7 Rf1+ 59. Ke6 Kb4 60. f8Q+ Rxf8 61. Rxf8 a3 62. Kd5 Kb3 63. Kd4 a2 64. Rb8+ Kc2 65. Ra8 Kb2 66. Rb8+ Kc2 67. Ra8 Kb2 68. Rxa2+ Kxa2 1/2-1/2

[Event "Titled Tuesday intern op 02nd Jan Early"]
[Site "Chess.com INT"]
[Date "2024.01.02"]
[Round "8"]
[White "Syaputra, Arifa Rizki"]
[Black "Gajwa, Ankit"]
[Result "0-1"]
[WhiteElo "2247"]
[BlackElo "2245"]
[PlyCount "48"]
[EventDate "2024.01.02"]
[EventType "swiss (blitz)"]
[EventRounds "11"]
[EventCountry "USA"]
[SourceTitle "EXT 2025"]
[Source "ChessBase"]
[SourceDate "2024.10.14"]
[SourceVersion "1"]
[SourceVersionDate "2024.10.14"]
[SourceQuality "1"]

1. Nf3 Nf6 2. d4 g6 3. c4 Bg7 4. Nc3 d6 5. Bg5 0-0 6. e3 c5 7. Be2 Nc6 8. h3 h6 9. Bh4 g5 10. Bg3 Bf5 11. d5 Nb8 12. Nd2 Nbd7 13. h4 a6 14. hxg5 hxg5 15. Nf3 b5 16. Nxg5 bxc4 17. Bxc4 Rb8 18. Bd3 Bxd3 19. Qxd3 Rxb2 20. Kf1 c4 21. Qf5 Qa5 22. Nce4 Rfb8 23. Nxf6+ Nxf6 24. Bf4 Qxd5 0-1

[Event "Titled Tuesday intern op 02nd Jan Late"]
[Site "Chess.com INT"]
[Date "2024.01.02"]
[Round "11"]
[White "Syaputra, Arifa Rizki"]
[Black "Matlakov, Maxim"]
[Result "1-0"]
[WhiteElo "2247"]
[BlackElo "2662"]
[PlyCount "91"]
[EventDate "2024.01.02"]
[EventType "swiss (blitz)"]
[EventRounds "11"]
[EventCountry "USA"]
[SourceTitle "EXT 2025"]
[Source "ChessBase"]
[SourceDate "2024.10.14"]
[SourceVersion "1"]
[SourceVersionDate "2024.10.14"]
[SourceQuality "1"]

1. d4 Nc6 2. Nf3 d6 3. e4 Nf6 4. Nc3 g6 5. h3 Bg7 6. Be3 0-0 7. Qd2 a6 8. a4 b6 9. Bc4 Bb7 10. 0-0 e6 11. Rfe1 Ne7 12. Bh6 d5 13. exd5 Nexd5 14. Bxg7 Kxg7 15. Ne5 Qd6 16. Nxd5 Nxd5 17. c3 Rad8 18. Rad1 h5 19. Qg5 Qe7 20. Qg3 Qf6 21. Bd3 c5 22. dxc5 bxc5 23. Be4 Ba8 24. h4 Ne7 25. Nd7 Nf5 26. Bxf5 Qxf5 27. Nxf8 Rxf8 28. Qe5+ Qxe5 29. Rxe5 Bd5 30. c4 Bxc4 31. Rxc5 Bd5 32. b4 Rb8 33. b5 axb5 34. axb5 f6 35. Ra1 f5 36. f4 Kf6 37. g3 Ke7 38. Ra6 Kd7 39. Kf2 Rb7 40. Ke3 Rb8 41. Kd4 Rb7 42. Ke5 Rb8 43. Rd6+ Ke7 44. Rc7+ Kf8 45. Kf6 Rxb5 46. Rd8# 1-0

[Event "Titled Tuesday intern op 02nd Jan Early"]
[Site "Chess.com INT"]
[Date "2024.01.02"]
[Round "5"]
[White "Syaputra, Arifa Rizki"]
[Black "Movahed, Sina"]
[Result "0-1"]
[WhiteElo "2247"]
[BlackElo "2450"]
[PlyCount "64"]
[EventDate "2024.01.02"]
[EventType "swiss (blitz)"]
[EventRounds "11"]
[EventCountry "USA"]
[SourceTitle "EXT 2025"]
[Source "ChessBase"]
[SourceDate "2024.10.14"]
[SourceVersion "1"]
[SourceVersionDate "2024.10.14"]
[SourceQuality "1"]

1. Nf3 Nf6 2. b3 g6 3. Bb2 Bg7 4. e3 0-0 5. Be2 c5 6. 0-0 d5 7. d4 Ne4 8. Qc1 cxd4 9. Bxd4 Bxd4 10. Nxd4 e5 11. Nf3 Nc6 12. Rd1 Be6 13. c4 d4 14. Qb2 Qf6 15. Nbd2 Nc5 16. exd4 exd4 17. Nf1 Rad8 18. Ng3 a5 19. a3 Rfe8 20. Rd2 Kg7 21. Rad1 d3 22. Bf1 Bg4 23. b4 Bxf3 24. gxf3 Qxb2 25. Rxb2 Na4 26. Rb3 Nd4 27. Rbxd3 Nb2 28. Rxd4 Nxd1 29. Rxd8 Rxd8 30. c5 Nc3 31. Bc4 axb4 32. axb4 Rd4 0-1

[Event "Titled Tuesday intern op 02nd Jan Late"]
[Site "Chess.com INT"]
[Date "2024.01.02"]
[Round "9"]
[White "Syaputra, Arifa Rizki"]
[Black "Pham, Le Thao Nguyen"]
[Result "1/2-1/2"]
[WhiteElo "2247"]
[BlackElo "2395"]
[PlyCount "31"]
[EventDate "2024.01.02"]
[EventType "swiss (blitz)"]
[EventRounds "11"]
[EventCountry "USA"]
[SourceTitle "EXT 2025"]
[Source "ChessBase"]
[SourceDate "2024.10.14"]
[SourceVersion "1"]
[SourceVersionDate "2024.10.14"]
[SourceQuality "1"]

1. e4 c5 2. Nf3 e6 3. d4 cxd4 4. Nxd4 a6 5. Bd3 Nc6 6. Nxc6 dxc6 7. 0-0 e5 8. f4 Bc5+ 9. Kh1 Nf6 10. Nc3 Ng4 11. Qf3 Qh4 12. h3 Nf2+ 13. Kh2 Ng4+ 14. Kh1 Nf2+ 15. Kh2 Ng4+ 16. Kh1 1/2-1/2

[Event "Titled Tuesday intern op 28th Nov Late"]
[Site "Chess.com INT"]
[Date "2023.11.28"]
[Round "2"]
[White "Syaputra, Arifa Rizki"]
[Black "Gatterer, Florian"]
[Result "1-0"]
[WhiteElo "2239"]
[BlackElo "2170"]
[PlyCount "49"]
[EventDate "2023.11.28"]
[EventType "swiss (blitz)"]
[EventRounds "11"]
[EventCountry "USA"]
[SourceTitle "EXT 2025"]
[Source "ChessBase"]
[SourceDate "2024.10.14"]
[SourceVersion "1"]
[SourceVersionDate "2024.10.14"]
[SourceQuality "1"]

1. e4 c5 2. Nf3 e6 3. c3 d5 4. e5 d4 5. g3 Ne7 6. Bg2 Bd7 7. cxd4 cxd4 8. Nxd4 Nbc6 9. Nb5 Nf5 10. d4 a6 11. N5c3 Nfxd4 12. 0-0 Be7 13. f4 g6 14. Be3 Nf5 15. Bf2 Qa5 16. Nd2 Bc5 17. Nc4 Bxf2+ 18. Rxf2 Qc5 19. Nd2 Rd8 20. Nde4 Qb6 21. Nf6+ Ke7 22. Qe1 h5 23. Na4 Qb4 24. Nc3 Qb6 25. Nfd5+ 1-0

[Event "Titled Tuesday intern op 21st Nov Early"]
[Site "Chess.com INT"]
[Date "2023.11.21"]
[Round "7"]
[White "Weishaeutel, Moritz"]
[Black "Syaputra, Arifa Rizki"]
[Result "0-1"]
[WhiteElo "2396"]
[BlackElo "2239"]
[PlyCount "88"]
[EventDate "2023.11.21"]
[EventType "swiss (blitz)"]
[EventRounds "11"]
[EventCountry "USA"]
[SourceTitle "EXT 2025"]
[Source "ChessBase"]
[SourceDate "2024.10.14"]
[SourceVersion "1"]
[SourceVersionDate "2024.10.14"]
[SourceQuality "1"]

1. e4 c5 2. d4 cxd4 3. c3 d5 4. exd5 Qxd5 5. cxd4 Nc6 6. Nf3 e6 7. Nc3 Qd8 8. Bd3 Nf6 9. 0-0 Be7 10. Re1 0-0 11. a3 b6 12. Bg5 Bb7 13. Bc2 h6 14. Bh4 Ba6 15. Bb3 Na5 16. Ba2 Rc8 17. Ne5 Bc4 18. Nxc4 Nxc4 19. Qe2 Qxd4 20. Bg3 Na5 21. Rad1 Qg4 22. Qa6 Nc6 23. Qb7 Rfe8 24. Rd2 Nh5 25. Bc7 Nf4 26. f3 Bc5+ 27. Kh1 Qh4 28. Re4 Qe7 29. Nb5 a6 30. Qxc6 axb5 31. Bxf4 Rxc6 32. Bd5 exd5 33. Rxe7 Rxe7 34. h3 Re1+ 35. Kh2 Be3 36. Bxe3 Rxe3 37. Rxd5 Rc5 38. Rd8+ Kh7 39. Rb8 Re2 40. Rxb6 Rxb2 41. a4 b4 42. a5 Rxa5 43. Rb7 Rg5 44. Ra7 Rgxg2+ 0-1

[Event "Titled Tuesday intern op 14th Nov Late"]
[Site "Chess.com INT"]
[Date "2023.11.14"]
[Round "1"]
[White "Bold, Andre"]
[Black "Syaputra, Arifa Rizki"]
[Result "1-0"]
[WhiteElo "2190"]
[BlackElo "2239"]
[PlyCount "93"]
[EventDate "2023.11.14"]
[EventType "swiss (blitz)"]
[EventRounds "11"]
[EventCountry "USA"]
[SourceTitle "EXT 2025"]
[Source "ChessBase"]
[SourceDate "2024.10.14"]
[SourceVersion "1"]
[SourceVersionDate "2024.10.14"]
[SourceQuality "1"]

1. Nf3 Nf6 2. e3 d5 3. b3 a6 4. Bb2 e6 5. Ne5 Nbd7 6. f4 Bd6 7. Be2 0-0 8. 0-0 c6 9. d3 Qc7 10. Nxd7 Nxd7 11. Nd2 e5 12. fxe5 Nxe5 13. e4 Ng6 14. h3 Be6 15. Bg4 Rae8 16. Bxe6 fxe6 17. Qg4 Rxf1+ 18. Rxf1 Be5 19. d4 Bf4 20. Nf3 dxe4 21. Ng5 Bxg5 22. Qxg5 Qd7 23. Qe3 Rf8 24. Rxf8+ Nxf8 25. Qxe4 Qd5 26. Qe3 Ng6 27. c4 Qf5 28. Kh2 Qf4+ 29. Qxf4 Nxf4 30. Kg3 Ng6 31. Kf3 Kf7 32. Ke4 Ke7 33. Ba3+ Kf6 34. Bd6 Kf7 35. g4 h6 36. Bg3 Nf8 37. b4 Nd7 38. Be5 b5 39. d5 cxd5+ 40. cxd5 g6 41. Bd4 Nf6+ 42. Bxf6 Kxf6 43. d6 g5 44. a3 Kf7 45. Ke5 Ke8 46. Kxe6 Kd8 47. d7 1-0

[Event "Titled Tuesday intern op 14th Nov Late"]
[Site "Chess.com INT"]
[Date "2023.11.14"]
[Round "10"]
[White "Syaputra, Arifa Rizki"]
[Black "Fiorito, Francisco"]
[Result "0-1"]
[WhiteElo "2239"]
[BlackElo "2370"]
[PlyCount "88"]
[EventDate "2023.11.14"]
[EventType "swiss (blitz)"]
[EventRounds "11"]
[EventCountry "USA"]
[SourceTitle "EXT 2025"]
[Source "ChessBase"]
[SourceDate "2024.10.14"]
[SourceVersion "1"]
[SourceVersionDate "2024.10.14"]
[SourceQuality "1"]

1. Nf3 Nf6 2. c4 b6 3. g3 Bb7 4. Bg2 g6 5. 0-0 Bg7 6. d4 0-0 7. d5 Na6 8. Nc3 Nc5 9. Be3 a5 10. Rc1 e6 11. Bd4 d6 12. Bxc5 bxc5 13. e4 exd5 14. exd5 Re8 15. Re1 Qd7 16. Qb3 Ba6 17. Nd2 Ng4 18. Bh3 f5 19. Bxg4 fxg4 20. Qc2 Be5 21. b3 Rf8 22. a4 Qg7 23. Nb5 Bc8 24. Ne4 Bf5 25. Qd1 h6 26. Re3 Rf7 27. Rc2 Raf8 28. Rce2 g5 29. Qd2 Ra8 30. Nxc5 Bf4 31. gxf4 dxc5 32. fxg5 hxg5 33. Re5 Raf8 34. Qxa5 Bd3 35. Qd2 Bxe2 36. Rxg5 Bf3 37. Rxg7+ Rxg7 38. a5 Re8 39. a6 Rge7 40. Kf1 Rh7 41. Qg5+ Rg7 42. Qxg7+ Kxg7 43. Nxc7 Re2 44. a7 Rd2 0-1

[Event "Titled Tuesday intern op 14th Nov Late"]
[Site "Chess.com INT"]
[Date "2023.11.14"]
[Round "4"]
[White "Syaputra, Arifa Rizki"]
[Black "Kanyamarala, Trisha"]
[Result "1-0"]
[WhiteElo "2239"]
[BlackElo "2181"]
[PlyCount "83"]
[EventDate "2023.11.14"]
[EventType "swiss (blitz)"]
[EventRounds "11"]
[EventCountry "USA"]
[SourceTitle "EXT 2025"]
[Source "ChessBase"]
[SourceDate "2024.10.14"]
[SourceVersion "1"]
[SourceVersionDate "2024.10.14"]
[SourceQuality "1"]

1. e4 c5 2. Nf3 d6 3. d4 cxd4 4. Qxd4 Nc6 5. Qe3 e5 6. Bc4 Be7 7. Nc3 Nf6 8. h3 0-0 9. 0-0 Be6 10. Bb3 Re8 11. Rd1 a6 12. Nd5 Bxd5 13. exd5 Nb8 14. c4 Nbd7 15. Ba4 Nc5 16. Bxe8 Nxe8 17. Qe2 f5 18. Be3 Ne4 19. Qc2 g5 20. Nd2 N8f6 21. Nxe4 Nxe4 22. f3 Ng3 23. Bf2 Nh5 24. Qxf5 Nf4 25. g3 Ng6 26. c5 Qc7 27. Rac1 Rf8 28. Qe6+ Kg7 29. cxd6 Qxd6 30. Qxd6 Bxd6 31. Kg2 h5 32. Bc5 Bxc5 33. Rxc5 h4 34. d6 hxg3 35. d7 Nh4+ 36. Kxg3 Rxf3+ 37. Kh2 Rf2+ 38. Kg1 Rxb2 39. Rc3 e4 40. d8Q Rg2+ 41. Kh1 Nf3 42. Kxg2 1-0

[Event "Titled Tuesday intern op 14th Nov Late"]
[Site "Chess.com INT"]
[Date "2023.11.14"]
[Round "9"]
[White "Syaputra, Arifa Rizki"]
[Black "Szpar, Milosz"]
[Result "1/2-1/2"]
[WhiteElo "2239"]
[BlackElo "2485"]
[PlyCount "162"]
[EventDate "2023.11.14"]
[EventType "swiss (blitz)"]
[EventRounds "11"]
[EventCountry "USA"]
[SourceTitle "EXT 2025"]
[Source "ChessBase"]
[SourceDate "2024.10.14"]
[SourceVersion "1"]
[SourceVersionDate "2024.10.14"]
[SourceQuality "1"]

1. Nf3 d5 2. c4 d4 3. g3 Nc6 4. Bg2 e5 5. d3 Nf6 6. 0-0 Bc5 7. b4 Nxb4 8. Nxe5 0-0 9. a3 Na6 10. Nd2 Bd6 11. Nef3 Nc5 12. Bb2 Bd7 13. Nxd4 Ba4 14. Qb1 Re8 15. Re1 Ng4 16. Nf5 Bf8 17. Nf3 Nb3 18. Ra2 g6 19. N5d4 Nc5 20. Ba1 a5 21. h3 Nf6 22. Bc3 Ra6 23. Rb2 h5 24. Nb5 Rae6 25. Nbd4 Ra6 26. Nd2 Bd7 27. N4f3 Na4 28. Rc2 Bxa3 29. Bxf6 Qxf6 30. Ne4 Qb6 31. Qa1 Bb2 32. Qa2 Rxe4 33. dxe4 Bg7 34. Qa3 Qb4 35. Qe3 Nc5 36. e5 Bf5 37. Rd2 Ra8 38. Nd4 Bd7 39. Rc1 Re8 40. f4 a4 41. Nc2 Qa5 42. Na3 Bf5 43. Rd5 b6 44. Nb5 Be6 45. Nxc7 Bxd5 46. cxd5 Rd8 47. d6 a3 48. Ra1 Rxd6 49. Rxa3 Rd1+ 50. Kh2 Qe1 51. Ra8+ Kh7 52. Nd5 h4 53. gxh4 Qxh4 54. Nxb6 Ne6 55. Ra4 Bh6 56. Nd5 Rb1 57. Nf6+ Kg7 58. Ng4 Qh5 59. Qf2 Qf5 60. e3 Rc1 61. Be4 Qh5 62. Bg2 Qf5 63. Be4 Qh5 64. Bg2 Rc8 65. Ra7 Rd8 66. Qg3 Qf5 67. Ra4 Rd2 68. Ra7 Nxf4 69. e6 Rxg2+ 70. Qxg2 Nxg2 71. Rxf7+ Qxf7 72. exf7 Nxe3 73. f8Q+ Kxf8 74. Nxh6 Kg7 75. Ng4 Nxg4+ 76. hxg4 Kf6 77. Kg3 Kg5 78. Kf3 Kh4 79. Kf4 Kh3 80. Kg5 Kg3 81. Kxg6 Kxg4 1/2-1/2

[Event "Titled Tuesday intern op 14th Nov Early"]
[Site "Chess.com INT"]
[Date "2023.11.14"]
[Round "1"]
[White "Uritsky, Yonathan"]
[Black "Syaputra, Arifa Rizki"]
[Result "0-1"]
[WhiteElo "2093"]
[BlackElo "2239"]
[PlyCount "98"]
[EventDate "2023.11.14"]
[EventType "swiss (blitz)"]
[EventRounds "11"]
[EventCountry "USA"]
[SourceTitle "CBM 217 Extra"]
[Source "ChessBase"]
[SourceDate "2024.01.31"]
[SourceVersion "1"]
[SourceVersionDate "2024.01.31"]
[SourceQuality "1"]

1. Nf3 Nf6 2. g3 e6 3. Bg2 d5 4. 0-0 Be7 5. c4 0-0 6. b3 c5 7. Bb2 d4 8. e3 Nc6 9. exd4 cxd4 10. Re1 a5 11. a3 Re8 12. Ne5 Nxe5 13. Rxe5 Bd6 14. Re1 e5 15. d3 Qc7 16. Nd2 Bf5 17. Qf3 Bg6 18. Qxb7 Qxb7 19. Bxb7 Rab8 20. Be4 Nxe4 21. dxe4 Bc5 22. Kg2 f5 23. exf5 Bxf5 24. f3 Bc2 25. Re2 Bxb3 26. Nxb3 Rxb3 27. Rae1 Reb8 28. Bc1 Bd6 29. c5 Bc7 30. f4 exf4 31. gxf4 Rc3 32. Bb2 Rd3 33. Re8+ Rxe8 34. Rxe8+ Kf7 35. Re2 Bxf4 36. c6 Bd6 37. Kf1 a4 38. Ke1 h5 39. Rd2 Rxd2 40. Kxd2 Bxh2 41. Bxd4 Bc7 42. Ke3 g5 43. Ke4 Ke6 44. Be3 g4 45. Bg5 Kd6 46. Kf5 Kxc6 47. Kg6 g3 48. Bh4 g2 49. Bf2 Bb6 0-1